[Event "SVK-chT2B 2122"]
[Site "Slovakia"]
[Date "2021.10.16"]
[Round "1.3"]
[White "Packa, Ladislav"]
[Black "Kutny, Marian"]
[Result "1-0"]
[WhiteElo "2125"]
[BlackElo "1933"]
[PlyCount "105"]
[EventDate "2021.10.16"]
[EventType "team-tourn"]
[EventRounds "11"]
[EventCountry "SVK"]
[SourceTitle "EXT 2023"]
[Source "ChessBase"]
[SourceDate "2022.10.05"]
[SourceVersion "1"]
[SourceVersionDate "2022.10.05"]
[SourceQuality "1"]
[WhiteTeam "Sala Slovan Duslo"]
[BlackTeam "Belusa"]
[WhiteTeamCountry "SVK"]
[BlackTeamCountry "SVK"]

1. d4 d5 2. c4 e6 3. Nc3 Nf6 4. Bg5 Be7 5. e3 0-0 6. Nf3 b6 7. Qc2 Bb7 8. cxd5 Nxd5 9. Nxd5 Bxd5 10. Bxe7 Qxe7 11. Bd3 f5 12. 0-0 Qd6 13. Rac1 Rc8 14. e4 fxe4 15. Bxe4 Bxe4 16. Qxe4 Qd5 17. Rfe1 Nd7 18. Qxd5 exd5 19. Re7 Nf6 20. Rexc7 Rxc7 21. Rxc7 Ne8 22. Rc3 Nd6 23. g3 Ne4 24. Rc2 h6 25. Ne5 Nd6 26. Kg2 Nb5 27. Nc6 Kf7 28. a4 Nd6 29. Nb4 Ne8 30. Kf3 Ke6 31. Rc6+ Nd6 32. Nd3 Rf8+ 33. Ke2 Rf7 34. Nc5+ bxc5 35. dxc5 Rb7 36. Rxd6+ Ke5 37. Kd3 Rb3+ 38. Kc2 Rf3 39. Rd7 Rxf2+ 40. Kb3 g5 41. c6 Rf6 42. c7 Rc6 43. Kb4 a6 44. h4 gxh4 45. gxh4 d4 46. Ka5 Ke4 47. b4 d3 48. b5 axb5 49. axb5 Rc1 50. b6 Ra1+ 51. Kb5 Rb1+ 52. Ka6 Ra1+ 53. Kb7 1-0

[Event "SVK-chT2B 1920"]
[Site "Slovakia"]
[Date "2019.12.14"]
[Round "5.3"]
[White "Packa, Ladislav"]
[Black "Gulbis, Adrian"]
[Result "1-0"]
[WhiteElo "2108"]
[BlackElo "2078"]
[PlyCount "141"]
[EventDate "2019.10.26"]
[EventType "team-tourn"]
[EventRounds "11"]
[EventCountry "SVK"]
[SourceTitle "CBM 194 Extra"]
[Source "ChessBase"]
[SourceDate "2020.03.31"]
[SourceVersion "1"]
[SourceVersionDate "2020.03.31"]
[SourceQuality "1"]
[WhiteTeam "Sala Slovan Duslo"]
[BlackTeam "Surany"]
[WhiteTeamCountry "SVK"]
[BlackTeamCountry "SVK"]

1. c4 c6 2. Nf3 Nf6 3. g3 d5 4. b3 Bf5 5. Bg2 e6 6. 0-0 Bd6 7. Bb2 Nbd7 8. d3 Qe7 9. Nbd2 0-0 10. Qc2 e5 11. e4 dxe4 12. dxe4 Bg4 13. Nh4 Rfe8 14. h3 Bh5 15. Nf5 Qf8 16. g4 Bg6 17. Nxd6 Qxd6 18. Rfd1 Rad8 19. Nf1 Qc7 20. Ng3 Nf8 21. Rxd8 Rxd8 22. Rd1 Rxd1+ 23. Qxd1 Ne6 24. Qd2 Ne8 25. Ne2 f6 26. Ba3 h6 27. Bc1 Qd6 28. Qxd6 Nxd6 29. f3 Bh7 30. Be3 b6 31. h4 g5 32. hxg5 hxg5 33. Bf1 Kf7 34. Nc1 Nd4 35. Bxd4 exd4 36. b4 c5 37. bxc5 bxc5 38. Nb3 Nb7 39. Bd3 Ke6 40. Kf2 Bg6 41. Bc2 Ke5 42. Nc1 Bf7 43. Nd3+ Kd6 44. Bb3 Be6 45. Kg3 Na5 46. Nb2 Bf7 47. Kf2 Nc6 48. a3 Ne5 49. Ke2 a5 50. Kf2 Ng6 51. Ba4 Be6 52. Ke2 Nf4+ 53. Kd2 Ng2 54. Bb5 Bd7 55. Ba6 Kc7 56. Bb5 Ne3 57. Kd3 Kd6 58. a4 Be6 59. Ba6 Ke5 60. Ke2 Nc2 61. Nd3+ Kd6 62. Bb5 Nb4 63. Nc1 Kc7 64. Kd2 Kb6 65. Kd1 Nc6 66. Nd3 Nb4 67. Nc1 Bc8 68. Kd2 Ba6 69. Nb3 Bb7 70. Nc1 Na2 71. Nxa2 1-0

[Event "SVK-chT1W 1819"]
[Site "Slovakia"]
[Date "2019.03.16"]
[Round "10.5"]
[White "Srvatka, Igor"]
[Black "Packa, Ladislav"]
[Result "1/2-1/2"]
[WhiteElo "2158"]
[BlackElo "2117"]
[PlyCount "56"]
[EventDate "2018.10.27"]
[EventType "team-tourn"]
[EventRounds "11"]
[EventCountry "SVK"]
[SourceTitle "CBM 189 Extra"]
[Source "ChessBase"]
[SourceDate "2019.06.03"]
[SourceVersion "1"]
[SourceVersionDate "2019.06.03"]
[SourceQuality "1"]
[WhiteTeam "Dubnica nad Vahom II"]
[BlackTeam "Sala Slovan Duslo"]
[WhiteTeamCountry "SVK"]
[BlackTeamCountry "SVK"]

1. d4 Nf6 2. c4 e6 3. Nc3 Bb4 4. Nf3 Bxc3+ 5. bxc3 b6 6. g3 Bb7 7. Bg2 d6 8. 0-0 Nbd7 9. a4 a5 10. Qc2 Qe7 11. Ba3 c5 12. Rfd1 0-0 13. Bf1 Rfd8 14. Nd2 e5 15. e3 Rab8 16. Re1 Nf8 17. f3 Re8 18. e4 Bc6 19. Bb2 Ng6 20. Bg2 h5 21. Nf1 h4 22. Ne3 Bd7 23. Nf5 Bxf5 24. exf5 Nf8 25. g4 g5 26. Bc1 N8h7 27. h3 Qc7 28. d5 Nd7 1/2-1/2

[Event "SVK-chT1W 1819"]
[Site "Slovakia"]
[Date "2018.11.25"]
[Round "4.4"]
[White "Sturc, Jan"]
[Black "Packa, Ladislav"]
[Result "1/2-1/2"]
[WhiteElo "1996"]
[BlackElo "2133"]
[PlyCount "86"]
[EventDate "2018.10.27"]
[EventType "team-tourn"]
[EventRounds "11"]
[EventCountry "SVK"]
[SourceTitle "CBM 187 Extra"]
[Source "ChessBase"]
[SourceDate "2018.11.04"]
[SourceVersion "1"]
[SourceVersionDate "2018.11.04"]
[SourceQuality "1"]
[WhiteTeam "Bratislava Slovan II"]
[BlackTeam "Sala Slovan Duslo"]
[WhiteTeamCountry "SVK"]
[BlackTeamCountry "SVK"]

1. e4 e5 2. Nf3 Nc6 3. Bb5 a6 4. Ba4 Nf6 5. 0-0 Be7 6. Re1 b5 7. Bb3 0-0 8. c3 d6 9. h3 Na5 10. Bc2 c5 11. d4 Nd7 12. Nbd2 Bf6 13. Nf1 Nc6 14. d5 Ne7 15. Ne3 g6 16. a4 Nb6 17. axb5 axb5 18. Rxa8 Nxa8 19. Ng4 Bg7 20. Nfh2 h5 21. Ne3 Bh6 22. g4 Bf4 23. gxh5 Kg7 24. h6+ Bxh6 25. Nhg4 Bf4 26. Ng2 Bxc1 27. Qxc1 Ng8 28. f4 f6 29. Qe3 Nb6 30. Qg3 Bxg4 31. Qxg4 Nh6 32. Qg3 Kh7 33. Ra1 Qc7 34. Nh4 Rg8 35. Nf3 Nd7 36. Kh2 c4 37. fxe5 Nxe5 38. Nxe5 fxe5 39. Qf2 Rg7 40. Qe3 Rf7 41. Bd1 Qe7 42. Kg3 Qf6 43. Bg4 Nxg4 1/2-1/2

[Event "SVK-chT2B 1718"]
[Site "Slovakia"]
[Date "2018.03.18"]
[Round "11.3"]
[White "Packa, Ladislav"]
[Black "Chovanec, Milan"]
[Result "1/2-1/2"]
[WhiteElo "2109"]
[BlackElo "2098"]
[PlyCount "41"]
[EventDate "2017.10.28"]
[EventType "team-tourn"]
[EventRounds "11"]
[EventCountry "SVK"]
[SourceTitle "EXT 2020"]
[Source "ChessBase"]
[SourceDate "2019.10.17"]
[SourceVersion "1"]
[SourceVersionDate "2019.10.17"]
[SourceQuality "1"]
[WhiteTeam "Sala Slovan Duslo"]
[BlackTeam "Povazska Bystrica"]
[WhiteTeamCountry "SVK"]
[BlackTeamCountry "SVK"]

1. d4 d5 2. c4 dxc4 3. Nf3 Nf6 4. Nc3 a6 5. a4 e6 6. e3 c5 7. Bxc4 cxd4 8. exd4 Nc6 9. 0-0 Be7 10. Be3 Nb4 11. Qb3 0-0 12. Rfd1 Nfd5 13. Rac1 b6 14. Nxd5 exd5 15. Be2 Bb7 16. Ne5 Rc8 17. Bf3 a5 18. Rxc8 Bxc8 19. Rc1 Be6 20. Bd2 Qa8 21. Be2 1/2-1/2

[Event "SVK-chT2B 1718"]
[Site "Slovakia"]
[Date "2018.03.17"]
[Round "10.3"]
[White "Zernovic, Ferdinand"]
[Black "Packa, Ladislav"]
[Result "0-1"]
[WhiteElo "1922"]
[BlackElo "2109"]
[PlyCount "64"]
[EventDate "2017.10.28"]
[EventType "team-tourn"]
[EventRounds "11"]
[EventCountry "SVK"]
[SourceTitle "EXT 2020"]
[Source "ChessBase"]
[SourceDate "2019.10.17"]
[SourceVersion "1"]
[SourceVersionDate "2019.10.17"]
[SourceQuality "1"]
[WhiteTeam "Povazske Podhradie"]
[BlackTeam "Sala Slovan Duslo"]
[WhiteTeamCountry "SVK"]
[BlackTeamCountry "SVK"]

1. e4 e5 2. Bc4 Nf6 3. d3 Nc6 4. Nf3 Be7 5. 0-0 d6 6. h3 0-0 7. Be3 Na5 8. Nbd2 c5 9. a4 Nc6 10. c3 a6 11. Ng5 h6 12. Ngf3 d5 13. exd5 Nxd5 14. Re1 Kh8 15. Bxd5 Qxd5 16. Nc4 Bd8 17. Qe2 Bf5 18. Rad1 Bc7 19. Nh4 Bh7 20. Qf3 e4 21. Qg4 exd3 22. Bd2 h5 23. Ne3 Qd6 24. Qxg7+ Kxg7 25. Nhf5+ Kg8 26. Nxd6 Bxd6 27. Nd5 Kg7 28. Bg5 f6 29. Bh4 Rad8 30. c4 Nb4 31. Ne3 Nc2 32. Nxc2 dxc2 0-1

[Event "SVK-chT2B 1718"]
[Site "Slovakia"]
[Date "2018.02.25"]
[Round "9.3"]
[White "Vida, Miroslav"]
[Black "Packa, Ladislav"]
[Result "0-1"]
[WhiteElo "1887"]
[BlackElo "2136"]
[PlyCount "32"]
[EventDate "2017.10.28"]
[EventType "team-tourn"]
[EventRounds "11"]
[EventCountry "SVK"]
[SourceTitle "EXT 2019"]
[Source "ChessBase"]
[SourceDate "2018.10.10"]
[SourceVersion "1"]
[SourceVersionDate "2018.10.10"]
[SourceQuality "1"]
[WhiteTeam "Lehota pod Vtacnikom"]
[BlackTeam "Sala Slovan Duslo"]
[WhiteTeamCountry "SVK"]
[BlackTeamCountry "SVK"]

1. e4 e5 2. Nf3 Nc6 3. Bc4 Nf6 4. Nc3 Nxe4 5. Bxf7+ Kxf7 6. Nxe4 d5 7. Nc3 e4 8. Ng1 Qg5 9. Nge2 Qxg2 10. Rg1 Qxh2 11. Nxd5 Nd4 12. Rg3 Nf3+ 13. Rxf3+ exf3 14. Ng3 Bg4 15. c3 Qxg3 16. fxg3 f2+ 0-1

[Event "SVK-chT2B 1718"]
[Site "Slovakia"]
[Date "2018.01.13"]
[Round "5.3"]
[White "Packa, Ladislav"]
[Black "Grilus, Marian"]
[Result "1-0"]
[WhiteElo "2136"]
[BlackElo "1938"]
[PlyCount "91"]
[EventDate "2017.10.28"]
[EventType "team-tourn"]
[EventRounds "11"]
[EventCountry "SVK"]
[SourceTitle "EXT 2019"]
[Source "ChessBase"]
[SourceDate "2018.10.10"]
[SourceVersion "1"]
[SourceVersionDate "2018.10.10"]
[SourceQuality "1"]
[WhiteTeam "Sala Slovan Duslo"]
[BlackTeam "Nove Zamky"]
[WhiteTeamCountry "SVK"]
[BlackTeamCountry "SVK"]

1. d4 Nf6 2. c4 g6 3. Nc3 Bg7 4. e4 d6 5. Be2 0-0 6. Nf3 e5 7. d5 a5 8. Bg5 Na6 9. Nd2 Qe8 10. 0-0 Nd7 11. a3 f5 12. exf5 Rxf5 13. Be3 Nac5 14. b4 e4 15. Nb5 Na6 16. Nd4 Rf7 17. Rb1 axb4 18. axb4 Nf6 19. Qc2 Bd7 20. Rfe1 c5 21. dxc6 bxc6 22. c5 d5 23. b5 Nc7 24. b6 Ne6 25. N2b3 Bc8 26. Nxe6 Qxe6 27. Nd4 Qe8 28. Ra1 Bb7 29. Rxa8 Qxa8 30. Ne6 Bh8 31. Bd4 Qc8 32. Nc7 h5 33. Qd2 Kh7 34. Ra1 Ng4 35. Bxg4 Qxg4 36. Bxh8 Kxh8 37. Qd4+ Kh7 38. Ne8 Qf4 39. Nd6 Rd7 40. g3 Qf8 41. Ra7 Qe7 42. Nxb7 Rxb7 43. Qa4 e3 44. Rxb7 exf2+ 45. Kxf2 Qxb7 46. Qa7 1-0

[Event "SVK-chT1W 1718"]
[Site "Slovakia"]
[Date "2017.11.04"]
[Round "3.5"]
[White "Szucs, Vladimir"]
[Black "Packa, Ladislav"]
[Result "1-0"]
[WhiteElo "2126"]
[BlackElo "2116"]
[PlyCount "59"]
[EventDate "2017.10.21"]
[EventType "team-tourn"]
[EventRounds "11"]
[EventCountry "SVK"]
[SourceTitle "CBM 181 Extra"]
[Source "ChessBase"]
[SourceDate "2017.12.12"]
[SourceVersion "1"]
[SourceVersionDate "2017.12.12"]
[SourceQuality "1"]
[WhiteTeam "Komarno KSC"]
[BlackTeam "Trnava Sered"]
[WhiteTeamCountry "SVK"]
[BlackTeamCountry "SVK"]

1. d4 Nf6 2. c4 g6 3. Nc3 Bg7 4. e4 0-0 5. Nf3 d6 6. Be2 e5 7. 0-0 Nc6 8. d5 Ne7 9. Ne1 Ne8 10. Be3 f5 11. f3 f4 12. Bf2 g5 13. c5 Kh8 14. a4 Ng8 15. a5 Ngf6 16. cxd6 cxd6 17. Nb5 g4 18. Bxa7 g3 19. Bb6 Qe7 20. h3 Nd7 21. Na7 Rxa7 22. Bxa7 Qh4 23. Bb5 Nc7 24. Bxd7 Bxd7 25. Rc1 Nb5 26. Bb6 Rf6 27. Bd8 Nd4 28. Bxf6 Bxf6 29. Rc7 Bb5 30. Nd3 1-0

[Event "SVK-chT2A 1617"]
[Site "Slovakia"]
[Date "2017.02.12"]
[Round "9.4"]
[White "Janos, Jozef"]
[Black "Packa, Ladislav"]
[Result "1/2-1/2"]
[WhiteElo "2175"]
[BlackElo "2139"]
[PlyCount "47"]
[EventDate "2016.10.08"]
[EventType "team-tourn"]
[EventRounds "11"]
[EventCountry "SVK"]
[SourceTitle "EXT 2018"]
[Source "ChessBase"]
[SourceDate "2017.10.13"]
[SourceVersion "1"]
[SourceVersionDate "2017.10.13"]
[SourceQuality "1"]
[WhiteTeam "Bratislava Slovan IV"]
[BlackTeam "Sered MSK"]
[WhiteTeamCountry "SVK"]
[BlackTeamCountry "SVK"]

1. d4 Nf6 2. Nf3 g6 3. c4 Bg7 4. Nc3 0-0 5. e4 d6 6. Be2 e5 7. 0-0 Nc6 8. d5 Ne7 9. Ne1 Ne8 10. Nd3 f5 11. f3 f4 12. Bd2 g5 13. b4 Ng6 14. c5 Rf7 15. Rc1 Bf8 16. Nb5 Rg7 17. Rc3 h5 18. Nf2 a6 19. Na3 Nf6 20. h3 Nh4 21. Be1 a5 22. bxa5 dxc5 23. Nc4 Bd6 24. Rb3 1/2-1/2

[Event "SVK-chT2A 1617"]
[Site "Slovakia"]
[Date "2016.12.03"]
[Round "5.5"]
[White "Diviak, Rastislav"]
[Black "Packa, Ladislav"]
[Result "1-0"]
[WhiteElo "1978"]
[BlackElo "2139"]
[PlyCount "131"]
[EventDate "2016.10.08"]
[EventType "team-tourn"]
[EventRounds "11"]
[EventCountry "SVK"]
[SourceTitle "EXT 2018"]
[Source "ChessBase"]
[SourceDate "2017.10.13"]
[SourceVersion "1"]
[SourceVersionDate "2017.10.13"]
[SourceQuality "1"]
[WhiteTeam "Osuske II"]
[BlackTeam "Sered MSK"]
[WhiteTeamCountry "SVK"]
[BlackTeamCountry "SVK"]

1. e4 e5 2. Nf3 Nc6 3. Bb5 a6 4. Ba4 Nf6 5. 0-0 Be7 6. Re1 b5 7. Bb3 0-0 8. c3 d6 9. h3 Na5 10. Bc2 c5 11. d4 Nd7 12. Nbd2 Bf6 13. d5 g6 14. a4 b4 15. Nf1 Rb8 16. Ne3 Bg7 17. c4 Nf6 18. b3 Kh8 19. Nf1 Nh5 20. Rb1 Nb7 21. g4 Nf4 22. Bxf4 exf4 23. e5 dxe5 24. Nxe5 Bxe5 25. Rxe5 Nd6 26. Qe2 Rb7 27. Re1 Qh4 28. Qf3 f6 29. R5e2 Qg5 30. Kh2 Nf7 31. Re4 Ne5 32. Qxf4 Qxf4+ 33. Rxf4 g5 34. Rxe5 gxf4 35. Re4 h5 36. Rxf4 hxg4 37. hxg4 Kg7 38. Ng3 Kh6 39. Ne4 f5 40. Nd6 Re7 41. Nxc8 Rxc8 42. Bxf5 Rh8 43. Kg3 Re1 44. Re4 Rh1 45. Kf4 Rh2 46. f3 Rb2 47. d6 Rd8 48. d7 Rd2 49. Re8 R8xd7 50. Bxd7 Rxd7 51. Re6+ Kg7 52. Rxa6 Rd3 53. Rc6 Rxb3 54. Rxc5 Rc3 55. a5 b3 56. Rb5 Rxc4+ 57. Kg5 b2 58. Rb7+ Kg8 59. Rxb2 Rc5+ 60. Kf4 Rxa5 61. Rb7 Rc5 62. g5 Ra5 63. Kg4 Rc5 64. f4 Rc4 65. g6 Rc1 66. Kg5 1-0

[Event "SVK-chT2A 1617"]
[Site "Slovakia"]
[Date "2016.10.08"]
[Round "1.5"]
[White "Packa, Ladislav"]
[Black "Nemsak, Denis"]
[Result "0-1"]
[WhiteElo "2139"]
[BlackElo "2009"]
[PlyCount "40"]
[EventDate "2016.10.08"]
[EventType "team-tourn"]
[EventRounds "11"]
[EventCountry "SVK"]
[SourceTitle "CBM 175 Extra"]
[Source "ChessBase"]
[SourceDate "2016.12.12"]
[SourceVersion "1"]
[SourceVersionDate "2016.12.12"]
[SourceQuality "1"]
[WhiteTeam "Sered MSK"]
[BlackTeam "Bratislava Doprastav"]
[WhiteTeamCountry "SVK"]
[BlackTeamCountry "SVK"]

1. d4 f5 2. g3 Nf6 3. Bg2 g6 4. Nc3 d5 5. Bg5 Ne4 6. Nxe4 fxe4 7. f3 exf3 8. Nxf3 Bg7 9. Qd2 0-0 10. 0-0-0 Bf5 11. Ne5 Nc6 12. Nxc6 bxc6 13. e4 dxe4 14. Qe2 Qd5 15. c4 Qa5 16. a3 Rab8 17. Bd2 Qa4 18. Bc3 Bh6+ 19. Bd2 e3 20. Bc3 Qxa3 0-1

[Event "SVK-chT3A2 1516"]
[Site "Slovakia"]
[Date "2016.03.06"]
[Round "9.1"]
[White "Malar, Pavol"]
[Black "Packa, Ladislav"]
[Result "1-0"]
[WhiteElo "2050"]
[BlackElo "2189"]
[PlyCount "123"]
[EventDate "2015.10.11"]
[EventType "team-tourn"]
[EventRounds "11"]
[EventCountry "SVK"]
[SourceTitle "EXT 2020"]
[Source "ChessBase"]
[SourceDate "2019.10.17"]
[SourceVersion "1"]
[SourceVersionDate "2019.10.17"]
[SourceQuality "1"]
[WhiteTeam "Hlohovec"]
[BlackTeam "Sered MSK"]
[WhiteTeamCountry "SVK"]
[BlackTeamCountry "SVK"]

1. e4 e5 2. Nf3 Nc6 3. Bb5 a6 4. Ba4 Nf6 5. 0-0 Be7 6. Re1 b5 7. Bb3 0-0 8. c3 d6 9. h3 Na5 10. Bc2 c5 11. d3 Re8 12. Nbd2 Bf8 13. Nf1 g6 14. Bg5 h6 15. Be3 Bg7 16. Ng3 Qc7 17. Nh2 d5 18. Qf3 dxe4 19. dxe4 Qe7 20. Rad1 Be6 21. b3 Nc6 22. h4 a5 23. h5 b4 24. hxg6 fxg6 25. Rd5 Nd7 26. Ng4 Qf8 27. Qxf8+ Rxf8 28. Nxh6+ Kh7 29. Rd6 Nd8 30. Nhf5 Bf6 31. Red1 Rf7 32. Ne2 a4 33. Nfg3 axb3 34. Bxb3 c4 35. Bxc4 Bxc4 36. Rxd7 Rxa2 37. Nc1 b3 38. Nxa2 bxa2 39. Nf1 Bb3 40. Rxf7+ Nxf7 41. Ra1 Nd6 42. Nd2 Bf7 43. Bc5 Bg5 44. Bxd6 Bxd2 45. Bxe5 Bc4 46. Bd4 g5 47. f3 Kg6 48. Kf2 Kf7 49. g3 Kg6 50. Be5 Kf7 51. f4 Ke6 52. Kf3 gxf4 53. gxf4 Kd7 54. f5 Kc6 55. f6 Kd7 56. Bd4 Ke6 57. e5 Kf7 58. Ke4 Ke6 59. Rg1 Kf7 60. Rg7+ Ke8 61. Ra7 Bc1 62. Kf5 1-0

[Event "SVK-chT2B 1516"]
[Site "Slovakia"]
[Date "2016.02.13"]
[Round "8.2"]
[White "Packa, Ladislav"]
[Black "Foldesi, Marek"]
[Result "1/2-1/2"]
[WhiteElo "2161"]
[BlackElo "2036"]
[PlyCount "53"]
[EventDate "2015.10.17"]
[EventType "team-tourn"]
[EventRounds "11"]
[EventCountry "SVK"]
[SourceTitle "EXT 2019"]
[Source "ChessBase"]
[SourceDate "2018.10.10"]
[SourceVersion "1"]
[SourceVersionDate "2018.10.10"]
[SourceQuality "1"]
[WhiteTeam "Sala Slovan Duslo"]
[BlackTeam "Levice"]
[WhiteTeamCountry "SVK"]
[BlackTeamCountry "SVK"]

1. d4 d5 2. c4 e6 3. Nc3 Nf6 4. Bg5 Be7 5. Nf3 0-0 6. Rc1 c6 7. e3 Nbd7 8. Qc2 h6 9. Bh4 a6 10. a3 Re8 11. h3 Nh5 12. Bxe7 Qxe7 13. Ne5 c5 14. Be2 cxd4 15. Nxd7 Bxd7 16. Bxh5 dxc3 17. Qxc3 dxc4 18. Bf3 Rab8 19. Qa5 Rec8 20. 0-0 Qc5 21. Qxc5 Rxc5 22. Rfd1 Ba4 23. Rd6 Rc7 24. Rb6 Kf8 25. b3 Bb5 26. bxc4 Rxc4 27. Rxc4 1/2-1/2

[Event "SVK-chT3A2 1516"]
[Site "Slovakia"]
[Date "2015.11.22"]
[Round "1.5"]
[White "Packa, Ladislav"]
[Black "Blaho, Stefan"]
[Result "1/2-1/2"]
[WhiteElo "2189"]
[BlackElo "2019"]
[PlyCount "37"]
[EventDate "2015.10.11"]
[EventType "team-tourn"]
[EventRounds "11"]
[EventCountry "SVK"]
[SourceTitle "EXT 2020"]
[Source "ChessBase"]
[SourceDate "2019.10.17"]
[SourceVersion "1"]
[SourceVersionDate "2019.10.17"]
[SourceQuality "1"]
[WhiteTeam "Sered MSK"]
[BlackTeam "Dunajska Streda II"]
[WhiteTeamCountry "SVK"]
[BlackTeamCountry "SVK"]

1. d4 Nf6 2. c4 d6 3. Nc3 Nbd7 4. e4 c6 5. Nf3 e5 6. d5 c5 7. Be3 Be7 8. Nd2 Nf8 9. Be2 Ng6 10. g3 h5 11. h4 Ng4 12. Bxg4 Bxg4 13. f3 Bd7 14. Qe2 a6 15. a4 b6 16. Bf2 Rg8 17. Nf1 Bf6 18. Ne3 Ne7 19. Qd3 1/2-1/2

[Event "SVK-chT2B 1516"]
[Site "Slovakia"]
[Date "2015.11.08"]
[Round "4.2"]
[White "Poliakova, Emma"]
[Black "Packa, Ladislav"]
[Result "0-1"]
[WhiteElo "1817"]
[BlackElo "2189"]
[PlyCount "126"]
[EventDate "2015.10.17"]
[EventType "team-tourn"]
[EventRounds "11"]
[EventCountry "SVK"]
[SourceTitle "EXT 2019"]
[Source "ChessBase"]
[SourceDate "2018.10.10"]
[SourceVersion "1"]
[SourceVersionDate "2018.10.10"]
[SourceQuality "1"]
[WhiteTeam "Topolciansky CVC II"]
[BlackTeam "Sala Slovan Duslo"]
[WhiteTeamCountry "SVK"]
[BlackTeamCountry "SVK"]

1. e4 e5 2. Nf3 Nc6 3. c3 Nf6 4. d4 d5 5. exd5 Qxd5 6. Be3 Bg4 7. Be2 exd4 8. cxd4 Bb4+ 9. Nbd2 0-0 10. 0-0 Rfe8 11. Nb3 Rad8 12. Qc2 Bd6 13. a3 Ne7 14. Rfe1 Ng6 15. Rac1 Qh5 16. Nbd2 Nd5 17. Bc4 Ngf4 18. Bf1 Re6 19. Bxf4 Bxf4 20. Rxe6 fxe6 21. Re1 Rf8 22. h3 Bf5 23. Qd1 Nf6 24. Bc4 Nd5 25. Qb3 Bxh3 26. gxh3 Bxd2 27. Nxd2 Qg5+ 28. Kf1 Qxd2 29. Re2 Qc1+ 30. Re1 Qf4 31. Re2 Qxd4 32. Bxd5 Qxd5 33. Qxd5 exd5 34. Re7 Rc8 35. Rd7 h6 36. Ke2 Kh7 37. Kd3 b6 38. Kd4 Rf8 39. Rxc7 Rxf2 40. b4 a5 41. bxa5 bxa5 42. Rc3 Rf5 43. Rc5 a4 44. Ra5 Rf3 45. Ke5 Rxa3 46. Kxd5 Rd3+ 47. Ke4 Rxh3 48. Kf4 a3 49. Kg4 Rb3 50. Ra7 Kg8 51. Kh5 Kf8 52. Kg6 Rg3+ 53. Kh5 Ke8 54. Kh4 Rb3 55. Rxg7 Rb4+ 56. Kh5 Ra4 57. Rg1 a2 58. Ra1 Ra6 59. Kg4 Ke7 60. Kh5 Kf7 61. Kg4 Kf6 62. Kh5 Kf5 63. Kh4 Ke4 0-1

[Event "SVK-chT2B 1516"]
[Site "Slovakia"]
[Date "2015.10.17"]
[Round "1.2"]
[White "Pytlik, Pavol"]
[Black "Packa, Ladislav"]
[Result "1/2-1/2"]
[WhiteElo "2094"]
[BlackElo "2186"]
[PlyCount "43"]
[EventDate "2015.10.17"]
[EventType "team-tourn"]
[EventRounds "11"]
[EventCountry "SVK"]
[SourceTitle "EXT 2019"]
[Source "ChessBase"]
[SourceDate "2018.10.10"]
[SourceVersion "1"]
[SourceVersionDate "2018.10.10"]
[SourceQuality "1"]
[WhiteTeam "Trencin PK"]
[BlackTeam "Sala Slovan Duslo"]
[WhiteTeamCountry "SVK"]
[BlackTeamCountry "SVK"]

1. e4 e5 2. Bc4 Nf6 3. d3 Be7 4. Nf3 d6 5. Nc3 0-0 6. 0-0 Nbd7 7. a4 c6 8. Re1 Qc7 9. d4 h6 10. h3 Re8 11. dxe5 dxe5 12. Qe2 Nc5 13. Be3 Ne6 14. Red1 Bb4 15. Bd2 Bc5 16. Bxe6 Bxe6 17. Ne1 Rad8 18. Qf3 Nh7 19. Nd3 Be7 20. Qg3 g5 21. Be3 f6 22. Nc5 1/2-1/2

[Event "SVK-chT2B 1415"]
[Site "Slovakia"]
[Date "2015.03.08"]
[Round "11.1"]
[White "Horvath, Marian"]
[Black "Packa, Ladislav"]
[Result "1/2-1/2"]
[WhiteElo "2151"]
[BlackElo "2235"]
[PlyCount "57"]
[EventDate "2014.10.11"]
[EventType "team-tourn"]
[EventRounds "11"]
[EventCountry "SVK"]
[SourceTitle "EXT 2019"]
[Source "ChessBase"]
[SourceDate "2018.10.10"]
[SourceVersion "1"]
[SourceVersionDate "2018.10.10"]
[SourceQuality "1"]
[WhiteTeam "Topolcianky SK"]
[BlackTeam "Sala Slovan Duslo"]
[WhiteTeamCountry "SVK"]
[BlackTeamCountry "SVK"]

1. c4 g6 2. Nc3 Bg7 3. d4 Nf6 4. e4 0-0 5. Bd3 c5 6. d5 e5 7. Nge2 d6 8. h3 Nbd7 9. Bg5 h6 10. Be3 Ne8 11. g4 a6 12. Qd2 Kh7 13. h4 Rb8 14. h5 g5 15. f3 f6 16. 0-0 Nc7 17. a4 b6 18. Ng3 Rf7 19. Rfb1 a5 20. Nf5 Bf8 21. Qe1 Rb7 22. Bd2 Na6 23. Nb5 Ndb8 24. Ne3 Nb4 25. Ra3 N8a6 26. Rba1 Bd7 27. Kg2 Be8 28. Kg3 Kg8 29. Bb1 1/2-1/2

[Event "SVK-chT2B 1415"]
[Site "Slovakia"]
[Date "2015.02.15"]
[Round "9.1"]
[White "Packa, Ladislav"]
[Black "Jakubek, Peter"]
[Result "1-0"]
[WhiteElo "2235"]
[BlackElo "2169"]
[PlyCount "81"]
[EventDate "2014.10.11"]
[EventType "team-tourn"]
[EventRounds "11"]
[EventCountry "SVK"]
[SourceTitle "EXT 2019"]
[Source "ChessBase"]
[SourceDate "2018.10.10"]
[SourceVersion "1"]
[SourceVersionDate "2018.10.10"]
[SourceQuality "1"]
[WhiteTeam "Sala Slovan Duslo"]
[BlackTeam "Povazska Bystrica SKS II"]
[WhiteTeamCountry "SVK"]
[BlackTeamCountry "SVK"]

1. d4 d5 2. Nf3 Nf6 3. c4 dxc4 4. Nc3 a6 5. e3 e6 6. Bxc4 b5 7. Bd3 Bb7 8. 0-0 Nbd7 9. Qe2 c5 10. Rd1 Qc7 11. e4 cxd4 12. Nxd4 Bc5 13. Nb3 Be7 14. a3 0-0 15. Bg5 Rac8 16. Rac1 Qb8 17. Bh4 Bd6 18. g3 e5 19. g4 h6 20. g5 hxg5 21. Bxg5 Nh7 22. Bh4 Nc5 23. Nxc5 Bxc5 24. Nd5 f6 25. Bb1 Bxd5 26. exd5 Qd6 27. Qh5 f5 28. Bxf5 g6 29. Qxg6+ Qxg6+ 30. Bxg6 Nf6 31. Bf5 Rc7 32. Bg3 Nh5 33. Be6+ Kh7 34. b4 Nxg3 35. Rxc5 Ne2+ 36. Kf1 Rxc5 37. bxc5 Nf4 38. Bd7 e4 39. Ke1 Nd3+ 40. Rxd3 exd3 41. c6 1-0

[Event "SVK-chT2B 1415"]
[Site "Slovakia"]
[Date "2014.11.08"]
[Round "3.5"]
[White "Packa, Ladislav"]
[Black "Zatko, Gregor"]
[Result "1/2-1/2"]
[WhiteElo "2235"]
[BlackElo "2124"]
[PlyCount "34"]
[EventDate "2014.10.11"]
[EventType "team-tourn"]
[EventRounds "11"]
[EventCountry "SVK"]
[SourceTitle "EXT 2019"]
[Source "ChessBase"]
[SourceDate "2018.10.10"]
[SourceVersion "1"]
[SourceVersionDate "2018.10.10"]
[SourceQuality "1"]
[WhiteTeam "Sala Slovan Duslo"]
[BlackTeam "Levice"]
[WhiteTeamCountry "SVK"]
[BlackTeamCountry "SVK"]

1. e4 e5 2. Nf3 Nc6 3. Bb5 a6 4. Ba4 Nf6 5. 0-0 Be7 6. Re1 b5 7. Bb3 d6 8. c3 0-0 9. a3 Be6 10. d4 Bxb3 11. Qxb3 exd4 12. cxd4 d5 13. e5 Ne4 14. Nc3 Nxc3 15. Qxc3 Qd7 16. Be3 Nd8 17. Rec1 c6 1/2-1/2